Rehabilitace po úrazech (návratná péče poúrazová)

Bibliographic Details
Main Author: Novák, Vladimír (Author)
Format: Book
Language:Undetermined
Published: Praha SZN 1953

MARC

LEADER 00000nam a2200000 a 4500
001 vtls001345290
003 SK-MaSNL
005 20260302000005.0
008 240318s1953 xx 0 und
035 |a SNK000298510 
040 |a SNK  |b slo  |c SNK  |e AACR2 
100 1 |a Novák, Vladimír  |4 aut  |9 6064 
245 1 0 |a Rehabilitace po úrazech (návratná péče poúrazová) 
260 |a Praha  |b SZN  |c 1953 
300 |a 321 s. 
999 |c 977521  |d 979451 
952 |t P60, <04>, [BOOK], {604}  |a SNK  |b SNK  |y VYP  |7 0  |p 17A0213707  |o snkID 9959  |0 0  |1 0  |4 0  |d 1999-10-15  |l 0  |r 2005-01-02 00:00:00  |w 2026-02-24